| 000 | 00433nam a22001457a 4500 | ||
|---|---|---|---|
| 003 | OSt | ||
| 005 | 20240403104005.0 | ||
| 008 | 240403b |||||||| |||| 00| 0 eng d | ||
| 040 | _cCentral Library MRSPTU | ||
| 100 | _aShiv Nath | ||
| 245 | _aMain Diwe Kis Tarahn Balan (ਮੈਂ ਦੀਵੇ ਕਿਸ ਤਰ੍ਹਾਂ ਬਾਲ਼ਾਂ | ||
| 260 |
_aChandigarh _bLokgeet Publication _c2009 |
||
| 300 | _a107 | ||
| 942 |
_2ddc _cBK _n0 |
||
| 999 |
_c9950 _d9950 |
||